Palabras de alumnos

Enregistré dans:
Détails bibliographiques
Auteurs principaux: Delgado, Hernán (Auteur), Fernández Parra, Simón (Auteur), Piugmal, Patrick (Auteur)
Autres auteurs: Muñoz Sougarret, Jorge Ernesto (autor)
Format: Livre
Langue:espagnol
Publié: Osorno Universidad de Los Lagos 2011
Édition:1a. ed
Sujets:
Tags: Ajouter un tag
Pas de tags, Soyez le premier à ajouter un tag!

MARC

LEADER 00000cam a2200000 a 4500
001 UCF1606
003 CL-VaPUC
008 120711e20110000CL |||||||||||||||||spa|d
020 |a 9789568709471 
082 0 4 |a 370  |b DEL  |2 21 
100 0 |a Delgado, Hernán  |e author  |9 563075 
700 0 |a Fernández Parra, Simón  |e author  |9 563076 
700 |a Muñoz Sougarret, Jorge Ernesto  |e autor  |9 562936 
700 0 |a Piugmal, Patrick  |e author  |9 563078 
245 1 0 |a Palabras de alumnos 
250 |a 1a. ed 
300 |a 123 p 
942 |c BK 
945 |d 20120711 00:00:00  |a dcastane 
260 |a Osorno  |b Universidad de Los Lagos  |c 2011 
650 0 |a Educación básica   |9 224933 
583 |a last modification  |c 20120711 16:46:00  |k Rodrigo Vera 
999 |c 348306  |d 348304 
952 |0 0  |1 0  |4 0  |6 370_000000000000000_DEL_2011  |7 0  |8 A  |9 450274  |a BIBEDU  |b BIBEDU  |d 2019-11-22  |i 4879783  |o 370 DEL 2011  |p 4879783  |r 2019-11-22  |w 2019-11-22  |y BK  |k EDU